| 000 | 00764nam a2200205 a 4500 | ||
|---|---|---|---|
| 001 | 000034151 | ||
| 005 | 20200930070822.0 | ||
| 008 | 110926s2007 uy ac 000 0 spa d | ||
| 020 | _a9789974795785 | ||
| 040 |
_aDO-SdBNP _bspa _cBNPHU |
||
| 082 |
_a581.634 _bP713 |
||
| 245 | 0 | 0 |
_aLas plantas que curan : _bremedios milenarios /. |
| 246 | 1 | 4 |
_aLas plantas curativas : _bsanan desde siempre: hierbas, plantas, semillas, raíces, alimentos |
| 246 | 3 | 8 |
_aSanan desde siempre : _blas plantas curativas |
| 260 |
_aMontevideo, Uruguay : _bArquetipo Grupo editorial, _c2007. |
||
| 300 |
_a354 p ; _c28 cm. |
||
| 505 | 0 |
_tHierbas-- _tPlantas -- _tSemillas -- _tRaíces -- _tAlimentos -- |
|
| 650 | 4 |
_aPlantas medicinales _921554 |
|
| 910 | _aValidado. Control de calidad MFF | ||
| 999 |
_c33642 _d33642 |
||